Anuja 2024 / directed and written by Graves, Adam J. ; produced by Guneet Monga [and nine others]. (Record no. 20803)

000 -LEADER
fixed length control field 00998nam a22002057a 4500
008 - FIXED-LENGTH DATA ELEMENTS--GENERAL INFORMATION
fixed length control field 250527b xxu||||| |||| 00| 0 eng d
040 ## - CATALOGING SOURCE
Original cataloging agency Cagayan State University
082 ## - DEWEY DECIMAL CLASSIFICATION NUMBER
Classification number 791.4372
Item number A636 2024
245 ## - TITLE STATEMENT
Title Anuja 2024 / directed and written by Graves, Adam J. ; produced by Guneet Monga [and nine others].
260 ## - PUBLICATION, DISTRIBUTION, ETC. (IMPRINT)
Place of publication, distribution, etc United states :
Name of publisher, distributor, etc Netflix,
Date of publication, distribution, etc 2024
300 ## - PHYSICAL DESCRIPTION
Extent 1 videofile, (ca. 22 mins.) :
Other physical details sound, color.
520 ## - SUMMARY, ETC.
Summary, etc A nine year old girl works in a garment factory along with her elder sister. A local school teacher gives her an opportunity to join school and around the same time her employer offers her a better paying position in his office as she is good in maths. She now has to make a difficult decision between the two offers.
546 ## - LANGUAGE NOTE
Language note In English subtitle.
650 ## - SUBJECT ADDED ENTRY--TOPICAL TERM
Topical term or geographic name as entry element Drama.
700 ## - ADDED ENTRY--PERSONAL NAME
Personal name Bhonsle, Nagesh, star.
700 ## - ADDED ENTRY--PERSONAL NAME
Personal name Hubert, Rudolfo Rajeev, star.
700 ## - ADDED ENTRY--PERSONAL NAME
Personal name Pathan, Sajda, star.
700 ## - ADDED ENTRY--PERSONAL NAME
Personal name Raje, Akash, cinematographer.
942 ## - ADDED ENTRY ELEMENTS (KOHA)
Source of classification or shelving scheme
Item type Audio-Visual Materials
Holdings
Source of acquisition Price effective from Permanent location Date last seen Not for loan Date acquired Source of classification or shelving scheme Koha item type Collection code Shelving location Damaged status Lost status Withdrawn status Current location Full call number
Donation2025-05-27Cagayan State University - Carig Library2025-05-27 2025-05-27 Audio-Visual MaterialsElectronic Media CenterElectronic Media Center   Cagayan State University - Carig Library791.4372 A636 2024

Cagayan State University University Library, Carig Campus
Tuguegarao City, Cagayan 3500 | www.csucarig.edu.ph

Powered by Koha